Vznikne nové stredisko záujmovej činnosti zamerané na šport?

Bibliographic Details
Format: Article
Language:Slovak
ISSN:1338-0346
Subjects:

MARC

LEADER 00000nab a2200000 a 4500
001 vtls010438556
003 SK-MaSNL
005 20260303170219.0
008 120725c2012 xo wr 0 0slo
038 |a SLLK 
040 |a SLLK  |b slo  |c sllk  |e AACR2 
041 |a slo 
044 |a xo  |c SK 
080 |a 796.03  |2 2001 
080 |a 379.8  |2 2001 
245 0 0 |a Vznikne nové stredisko záujmovej činnosti zamerané na šport?  |c [autor] (mv) 
610 1 7 |a Stará Ľubovňa (Slovensko).  |b Mestské zastupiteľstvo  |2 snkbucl  |9 94961 
648 7 |a 2012  |2 snkbucl  |9 326619 
650 0 7 |a záujmová činnosť  |2 sllk  |9 3674 
650 0 7 |a šport  |x deti a mládež  |2 sllk  |9 1193233 
650 0 7 |a školské strediská záujmovej činnosti  |2 sllk  |9 1193234 
651 7 |a Stará Ľubovňa (Slovensko)  |2 sllk  |9 19193 
773 0 |t Ľubovnianske noviny  |g Roč. XXXVII, č. 20 (2012), s. 3  |x 1338-0346 
999 |c 2075853  |d 2077783